[Event "7th Palma de Mallorca it"]
[Site "Palma de Mallorca ESP"]
[Date "1971.12.01"]
[Round "3"]
[White "Larsen, Bent"]
[Black "Keene, Raymond Dennis"]
[Result "1-0"]
[WhiteElo "2660"]
[BlackElo "2465"]
[EventDate "1971.11.29"]
[PlyCount "72"]

1.b3 d5 2.Bb2 Nf6 3.e3 g6 4.f4 Bg7 5.Nf3 O-O 6.Be2 c5 7.O-O b6 8.a4 Nc6 9.
Ne5 Bb7 10.Bf3 Rc8 11.d3 Nd7 12.d4 e6 13.Na3 a6 14.Qe2 Ne7 15.Nac4 Nf6 16.
a5 bxa5 17.Nxa5 Ba8 18.Qxa6 Nf5 19.Qe2 cxd4 20.exd4 Qb6 21.c3 Rfd8 22.b4 
Ne4 23.Bxe4 dxe4 24.Nb3 h5 25.Nc5 e3 26.Nc4 Qb8 27.Nxe3 h4 28.Nc4 h3 29.g4
Nh4 30.Qe3 Bg2 31.Rf2 Qb5 32.Ne5 Ra8 33.Rxa8 Bxa8 34.Qxh3 Bxe5 35.Qxh4 Qc6
36.Qxd8+ Kg7 1-0

[Event "7th Palma de Mallorca it"]
[Site "Palma de Mallorca ESP"]
[Date "1971.12.06"]
[Round "6"]
[White "Benko, Pal"]
[Black "Keene, Raymond Dennis"]
[Result "1/2-1/2"]
[WhiteElo "2520"]
[BlackElo "2465"]
[EventDate "1971.11.29"]
[PlyCount "46"]

1.e4 g6 2.d4 Bg7 3.Nc3 d6 4.Be2 Nc6 5.Be3 Nf6 6.Qd2 O-O 7.O-O-O e5 8.dxe5 
dxe5 9.Qxd8 Rxd8 10.Rxd8+ Nxd8 11.h3 Ne6 12.Nf3 Ne8 13.Rd1 c6 14.a4 N8c7 
15.Bc4 Kf8 16.a5 Ke8 17.Na4 f6 18.g3 Bf8 19.c3 Bd7 20.Nd2 c5 21.b3 Rb8 22.
Bxe6 Nxe6 23.Nc4 Bc6 1/2-1/2

[Event "7th Palma de Mallorca it"]
[Site "Palma de Mallorca ESP"]
[Date "1971.12.09"]
[Round "8"]
[White "Pomar Salamanca, Arturo"]
[Black "Csom, Istvan"]
[Result "1/2-1/2"]
[WhiteElo "2510"]
[BlackElo "2480"]
[EventDate "1971.11.29"]
[PlyCount "85"]

1.d4 Nf6 2.Nf3 e6 3.c4 b6 4.g3 Bb7 5.Bg2 Be7 6.O-O O-O 7.Nc3 Ne4 8.Qc2 
Nxc3 9.Qxc3 c5 10.Rd1 d6 11.b3 Bf6 12.Bb2 Qe7 13.Qd2 Rd8 14.Rac1 Nd7 15.
Ne1 Bxg2 16.Nxg2 cxd4 17.Bxd4 Nc5 18.Bxf6 Qxf6 19.b4 Nb7 20.Ne3 Rdc8 21.
Rb1 h5 22.a4 Rc6 23.Qd3 a5 24.Qe4 Rac8 25.Kg2 axb4 26.Rxb4 Nc5 27.Qb1 Nd7 
28.Rb5 g6 29.Qb4 Qe7 30.h4 Rc5 31.Rxc5 Rxc5 32.Qd2 Rc6 33.a5 Qd8 34.axb6 
Qxb6 35.Ra1 Qb7 36.Kh2 Ra6 37.Rd1 Qa7 38.Qc3 Ne5 39.Qb4 Ra3 40.Rxd6 Rxe3 
41.Rd8+ Kg7 42.fxe3 Qxe3 43.Qb2 1/2-1/2

[Event "7th Palma de Mallorca it"]
[Site "Palma de Mallorca ESP"]
[Date "1971.12.09"]
[Round "8"]
[White "Tatai, Stefano"]
[Black "Larsen, Bent"]
[Result "0-1"]
[WhiteElo "2440"]
[BlackElo "2660"]
[EventDate "1971.11.29"]
[PlyCount "78"]

1.e4 c6 2.d4 d5 3.Nc3 dxe4 4.Nxe4 Bf5 5.Ng3 Bg6 6.h4 h6 7.Nf3 Nd7 8.h5 Bh7
9.Bd3 Bxd3 10.Qxd3 e6 11.Bd2 Qb6 12.O-O-O Ngf6 13.c4 Qa6 14.Kb1 Bd6 15.Ne2
Ng4 16.Be1 O-O-O 17.Nd2 c5 18.Ne4 Bc7 19.f3 f5 20.Nd2 Ngf6 21.Qc2 Kb8 22.
Bf2 Bb6 23.Nb3 cxd4 24.Nexd4 Rc8 25.Bg3+ f4 26.Bxf4+ e5 27.Bg3 Rxc4 28.Qf5
Bxd4 29.Nxd4 Re8 30.Nb3 Qe6 31.Qd3 Ka8 32.Rhe1 a6 33.Bf2 Rec8 34.Qe3 Qf5+ 
35.Ka1 b6 36.Qe2 Qc2 37.Nd2 Rb4 38.Rb1 Ra4 39.a3 Rc3 0-1

[Event "7th Palma de Mallorca it"]
[Site "Palma de Mallorca ESP"]
[Date "1971.12.11"]
[Round "10"]
[White "Bisguier, Arthur Bernard"]
[Black "Larsen, Bent"]
[Result "0-1"]
[WhiteElo "2440"]
[BlackElo "2660"]
[EventDate "1971.11.29"]
[PlyCount "84"]

1.e4 c6 2.d4 d5 3.exd5 cxd5 4.c4 Nf6 5.Nc3 g6 6.cxd5 Nxd5 7.Bc4 Nb6 8.Bb3 
Bg7 9.Nge2 O-O 10.O-O Bf5 11.d5 Na6 12.Be3 Nc8 13.Bd4 Bxd4 14.Qxd4 Qb6 15.
Rad1 Nd6 16.Qh4 Nc5 17.Nd4 a5 18.Na4 Nxa4 19.Bxa4 Qxb2 20.g4 Be4 21.Qxe7 
Ra6 22.Qe5 Qxa2 23.Bb3 Qb2 24.f3 a4 25.Rf2 Qc3 26.Bxa4 Rxa4 27.fxe4 Nc4 
28.Qe7 Qh3 29.Kh1 Raa8 30.Rf3 Qxg4 31.Rg1 Qh5 32.Rf5 Qh6 33.Nf3 Rae8 34.
Qc7 Ne3 35.Rf4 Rc8 36.Qd6 Rcd8 37.Qc7 Rxd5 38.Re1 Rd7 39.Qe5 Nc4 40.Qf6 
Rd6 41.Qg5 Qxg5 42.Nxg5 Ne5 0-1

[Event "7th Palma de Mallorca it"]
[Site "Palma de Mallorca ESP"]
[Date "1971.12.13"]
[Round "12"]
[White "Portisch, Lajos"]
[Black "Larsen, Bent"]
[Result "1-0"]
[WhiteElo "2630"]
[BlackElo "2660"]
[EventDate "1971.11.29"]
[PlyCount "85"]

1.c4 Nf6 2.Nc3 e6 3.Nf3 Bb4 4.Qc2 O-O 5.a3 Bxc3 6.Qxc3 d6 7.b4 e5 8.Bb2 
Nc6 9.b5 Ne7 10.e3 b6 11.Be2 Bb7 12.O-O Ne4 13.Qc2 Ng6 14.Ne1 f5 15.f3 Nc5
16.d4 Ne6 17.d5 Nc5 18.Nd3 f4 19.Nxc5 bxc5 20.Bd3 fxe3 21.Rae1 a6 22.bxa6 
Bxa6 23.Rxe3 Qg5 24.Bc1 Qh5 25.g3 Ne7 26.Re4 h6 27.Rh4 Qf7 28.Qe2 Bc8 29.
g4 Qf6 30.Rh5 Ng6 31.Qe4 Nf4 32.Bxf4 exf4 33.Qh7+ Kf7 34.Bf5 Qd4+ 35.Kh1 
Qc3 36.Bxc8 Raxc8 37.Rf5+ Ke7 38.Qg6 Rxf5 39.Qe6+ Kd8 40.gxf5 Qe5 41.Rg1 
Qxe6 42.dxe6 g5 43.f6 1-0

[Event "7th Palma de Mallorca it"]
[Site "Palma de Mallorca ESP"]
[Date "1971.12.16"]
[Round "14"]
[White "Donner, Jan"]
[Black "Garcia Martinez, Silvino"]
[Result "1-0"]
[WhiteElo "2500"]
[BlackElo "2340"]
[EventDate "1971.11.29"]
[PlyCount "77"]

1.d4 Nf6 2.c4 e6 3.Nc3 Bb4 4.e3 c5 5.Bd3 Nc6 6.Nf3 Bxc3+ 7.bxc3 d6 8.e4 e5
9.d5 Ne7 10.Nh4 h6 11.f3 g5 12.Nf5 Bxf5 13.exf5 Qa5 14.Qc2 O-O-O 15.Kf2 
Rde8 16.h4 g4 17.h5 b5 18.Rb1 bxc4 19.Bxc4 gxf3 20.gxf3 Nexd5 21.Qb3 Nb6 
22.Bxf7 Re7 23.Be6+ Kc7 24.Be3 Qa6 25.a4 Qxa4 26.Qxa4 Nxa4 27.Ra1 Rxe6 28.
fxe6 Nxc3 29.Rxa7+ Kc6 30.Rf7 Nfd5 31.e7 Ra8 32.Bd2 Kd7 33.Rf8 Re8 34.Rxe8
Kxe8 35.Bxh6 Kxe7 36.Bg7 e4 37.Bxc3 e3+ 38.Kg3 Nxc3 39.h6 1-0